| 000 | 01506nam2a22002891 4500 | ||
|---|---|---|---|
| 001 | rc\4099884 | ||
| 005 | 20250611091459.0 | ||
| 021 |
_aRU _b[48-25335] |
||
| 035 | _a(NLR Aleph) 008137991 | ||
| 090 |
_a9465929 _c9465929 |
||
| 100 | _a20130415d1948 |||y0rusy50 ca | ||
| 101 | 0 | _arus | |
| 102 | _aRU | ||
| 105 | _aae z ||||| | ||
| 200 | 1 | _aУсловные знаки | |
| 210 |
_a[Ленинград] _cтиполит. ЛКВВИА _d1948 |
||
| 215 |
_a11 с., 1 л. пл. _cчерт. |
||
| 461 | 0 |
_1001rc\4099883 _12001#$aМетодическая записка по инженерной геодезии$fСост. инж.-подполк. Голиков Е.Д.$gЛенингр. краснознам. воен.-воздуш. инж. акад.$vТема 2 _1700#1$aГоликов$bЕ.Д.$gЕвгений Дмитриевич$4220 _99465925 _aГоликов, Е.Д. _c[Ленинград] _d1948 _fСост. инж.-подполк. Голиков Е.Д. _nтиполит. ЛКВВИА _tМетодическая записка по инженерной геодезии _vТема 2 |
|
| 608 |
_aТопографические карты _xУсловные знаки _91780025 _3RU\NLR\AUTH\661094595 |
||
| 608 |
_aВоенно-топографические карты _xУсловные обозначения _91304508 _3RU\NLR\AUTH\66223409 |
||
| 686 | 1 | _aЦ934.4 | |
| 801 | 0 |
_aRU _bNLR _gpsbo |
|
| 801 | 1 |
_aRU _bELAR _2rusmarc |
|
| 852 |
_aNLR _jГд02 Г-6/43 |
||
| 942 | _cBOOK | ||
| 980 | _aNB | ||